000 00308nam a2200121Ia 4500
008 220204s9999 xx 000 0 und d
082 _a54:57.086.2
_bMAS.1
100 _aClyde Walter
245 0 _aHandbook of chemical microscopy. V 1
250 _aEd.4
260 _aNew York
_bJohn Wiley
_c1983
942 _cBK
999 _c37308
_d37308